Paroles Bourvil - Ballade irlandaise (un oranger) - Statistiques

Statistiques générales
  • Ce quiz a été pris 47 fois
  • Le résultat moyen est 84 sur 149
Statistiques - réponses
Answers % Correct
un
100%
Un
100%
oranger
97%
la
85%
85%
le
85%
ne
82%
jamais
79%
verra
79%
de
76%
on
73%
sur
73%
irlandais
70%
sol
70%
à
67%
64%
et
58%
que
58%
ça
55%
ce
55%
tu
55%
dans
48%
es
48%
faire
45%
jour
45%
peut
45%
qu'est
42%
est
39%
moi
39%
mais
33%
toi
33%
l'eau
27%
lilas
27%
près
27%
embaumé
24%
coeur
21%
comme
21%
mes
21%
mon
21%
neige
21%
rivière
21%
auprès
18%
dors
18%
ton
18%
joie
15%
bat
12%
bras
12%
d'autres
12%
notre
12%
plein
12%
quelqu'un
12%
bruyère
9%
chaumière
9%
enfant
9%
fleure
9%
sommeil
6%
Aucun quiz correspondant
Distribution des résultats
% des personnes avec chaque résultat
Percentile par nombre de réponses
Votre historique - résultats
Vous n’avez pas pris ce quiz